| 000 | 00508nam a2200193Ia 4500 | ||
|---|---|---|---|
| 008 | 170918s9999 xx 000 0 und d | ||
| 020 | _a743230191 | ||
| 050 | _bB513fa 2003 | ||
| 100 | _aBerkman, Pamela Rafael | ||
| 245 | 4 | _aThe falling nun: | |
| 245 | _band other stories / | ||
| 245 | _cby Pamela Rafael Berkman ; illustrations by Karen Roze. | ||
| 260 | _aNew York : | ||
| 260 | _bTouch stone Book, | ||
| 260 | _c2003 | ||
| 300 | _a162 pages : | ||
| 300 | _billustrations ; | ||
| 300 | _c20cm. | ||
| 999 |
_c343511 _d343511 |
||